[Event "American op 40th"]
[Site "Los Angeles"]
[Date "2004.11.25"]
[Round "1"]
[White "Good, Gary"]
[Black "Otero, Phillip"]
[Result "0-1"]
[WhiteElo "1315"]
[BlackElo "1343"]
[PlyCount "56"]
[EventDate "2004.11.25"]
[EventType "swiss"]
[EventRounds "8"]
[EventCountry "USA"]
[SourceTitle "EXT 2009"]
[Source "ChessBase"]
[SourceDate "2008.11.26"]
[SourceVersion "1"]
[SourceVersionDate "2008.11.26"]
[SourceQuality "1"]

1. e4 e5 2. Nf3 Nc6 3. c3 Nf6 4. d4 d6 5. d5 Nb8 6. Bg5 Be7 7. Nbd2 0-0 8. h3 c6 9. c4 cxd5 10. cxd5 Qa5 11. Bxf6 Bxf6 12. Be2 Qd8 13. 0-0 Nd7 14. Nc4 Nb6 15. Rc1 Be7 16. a4 f5 17. Nfd2 fxe4 18. Nxe4 Bf5 19. Bd3 Nxd5 20. Ng3 Bxd3 21. Qxd3 Nf4 22. Qe4 Qd7 23. Rfd1 Rad8 24. Nxe5 Qe6 25. Qc4 d5 26. Qd4 Bh4 27. Nf3 Bxg3 28. fxg3 Ne2+ 0-1